[Event "SLO-chT 31st"]
[Site "Ljubljana"]
[Date "2021.09.12"]
[Round "3.5"]
[White "Krupenko, Peter"]
[Black "Djuric, Petar2222"]
[Result "1-0"]
[WhiteElo "1922"]
[BlackElo "2206"]
[PlyCount "135"]
[EventDate "2021.09.10"]
[EventType "team-tourn"]
[EventRounds "9"]
[EventCountry "SLO"]
[SourceTitle "CBM 204 Extra"]
[Source "ChessBase"]
[SourceDate "2021.11.30"]
[SourceVersion "1"]
[SourceVersionDate "2021.11.30"]
[SourceQuality "1"]
[WhiteTeam "Trzin"]
[BlackTeam "Kranj Stari Mayr"]
[WhiteTeamCountry "SLO"]
[BlackTeamCountry "SLO"]

1. d4 Nf6 2. Nf3 e6 3. c4 b6 4. g3 Bb7 5. Bg2 Be7 6. 0-0 0-0 7. Nc3 d5 8. Ne5 Nbd7 9. Bf4 c5 10. cxd5 exd5 11. dxc5 Nxc5 12. Rc1 Rc8 13. Nb5 Ne6 14. Nxa7 Rxc1 15. Qxc1 Qa8 16. Nac6 Bc5 17. b4 Bxc6 18. bxc5 bxc5 19. Bg5 Nxg5 20. Qxg5 Bb5 21. Rc1 Qxa2 22. Rxc5 Qxe2 23. Qc1 Qxe5 24. Rxb5 Ra8 25. Qd1 h6 26. Bf3 Rd8 27. Kg2 Qd6 28. Qd4 Qe6 29. Rb6 Qe8 30. Ra6 Ne4 31. Ra5 Nf6 32. Ra6 Qb5 33. Ra4 Rb8 34. Ra1 Qb2 35. Qa4 Qe5 36. Rd1 Rd8 37. Qa5 Rd7 38. Rd2 Ne4 39. Re2 f5 40. Qa2 Kh7 41. Qc2 Rc7 42. Qb1 Qf6 43. Qb8 Rc1 44. Qf4 Rc8 45. g4 Nc3 46. Rd2 fxg4 47. Qxg4 Rc4 48. Qg3 Rc5 49. Rd3 d4 50. h4 h5 51. Bb7 Ne2 52. Be4+ g6 53. Qf3 Qxf3+ 54. Kxf3 Re5 55. Rd2 Ng1+ 56. Kf4 Ra5 57. Kg3 Ra1 58. Kg2 Kg7 59. Bc2 Re1 60. Rd1 Re2 61. Bd3 Re6 62. Kxg1 Kf6 63. Kg2 g5 64. hxg5+ Kxg5 65. Ra1 Kf4 66. Ra5 Re5 67. Rxe5 Kxe5 68. Kg3 1-0

[Event "SLO-chT 31st"]
[Site "Ljubljana"]
[Date "2021.09.10"]
[Round "1.5"]
[White "Krupenko, Peter"]
[Black "Herega, Nejc"]
[Result "0-1"]
[WhiteElo "1922"]
[BlackElo "2122"]
[PlyCount "50"]
[EventDate "2021.09.10"]
[EventType "team-tourn"]
[EventRounds "9"]
[EventCountry "SLO"]
[SourceTitle "CBM 204 Extra"]
[Source "ChessBase"]
[SourceDate "2021.11.30"]
[SourceVersion "1"]
[SourceVersionDate "2021.11.30"]
[SourceQuality "1"]
[WhiteTeam "Trzin"]
[BlackTeam "Nova Gorica CC"]
[WhiteTeamCountry "SLO"]
[BlackTeamCountry "SLO"]

1. c4 c5 2. Nf3 Nf6 3. Nc3 Nc6 4. g3 g6 5. Bg2 Bg7 6. 0-0 0-0 7. d4 cxd4 8. Nxd4 Qa5 9. Nb3 Qh5 10. c5 a5 11. a4 d6 12. cxd6 Rd8 13. e4 Bg4 14. f3 Be6 15. Nb5 Bc4 16. g4 Qh4 17. Re1 Bxb3 18. Qe2 Bc4 19. Qf2 Qxf2+ 20. Kxf2 exd6 21. Bf4 Nb4 22. Rad1 Nd3+ 23. Ke3 Nxf4 24. Kxf4 Bxb5 25. axb5 Nd7 0-1

[Event "Villorba op 1st"]
[Site "Villorba"]
[Date "2021.06.26"]
[Round "2"]
[White "Krupenko, Peter"]
[Black "Rasti, Arvin"]
[Result "0-1"]
[WhiteElo "1917"]
[BlackElo "2231"]
[PlyCount "144"]
[EventDate "2021.06.25"]
[EventType "swiss"]
[EventRounds "9"]
[EventCountry "ITA"]
[SourceTitle "CBM 203 Extra"]
[Source "ChessBase"]
[SourceDate "2021.09.30"]
[SourceVersion "1"]
[SourceVersionDate "2021.09.30"]
[SourceQuality "1"]

1. c4 Nf6 2. Nf3 g6 3. g3 Bg7 4. Bg2 0-0 5. 0-0 d6 6. Nc3 Nc6 7. d4 a6 8. b3 Rb8 9. Bb2 b5 10. cxb5 axb5 11. Rc1 b4 12. Na4 Bd7 13. Ne5 Nxe5 14. dxe5 Ng4 15. exd6 cxd6 16. Bxg7 Kxg7 17. Qd4+ Nf6 18. Rc4 Qa5 19. Bc6 Bg4 20. f3 Be6 21. Rc2 Rfc8 22. Rfc1 Rc7 23. Be4 Rbc8 24. Qb6 Qxb6+ 25. Nxb6 Rxc2 26. Rxc2 Rb8 27. Na4 Nxe4 28. fxe4 Rb5 29. Kf2 Re5 30. Nb2 Rxe4 31. Rc7 Bd5 32. Nd3 g5 33. Rc8 Bb7 34. Rc4 Re6 35. Rxb4 Bd5 36. a4 Rf6+ 37. Ke1 e5 38. Rb6 Rh6 39. a5 Rxh2 40. Nf2 Rg2 41. a6 Rxg3 42. e4 Bxb3 43. a7 Rg1+ 44. Kd2 Ra1 45. Rxb3 Rxa7 46. Rb6 Rd7 47. Ng4 f6 48. Ne3 h5 49. Nf5+ Kf7 50. Rb8 d5 51. exd5 Rxd5+ 52. Ke3 Rd7 53. Rh8 Ke6 54. Ke4 h4 55. Rh6 Ra7 56. Ne3 Ra4+ 57. Kf3 Rf4+ 58. Ke2 e4 59. Ng2 Rf3 60. Ne3 Kf7 61. Rh7+ Kg6 62. Re7 h3 63. Nf1 f5 64. Re8 g4 65. Rh8 Ra3 66. Kf2 Rf3+ 67. Ke2 Kg7 68. Rh5 Kg6 69. Rh8 Kg5 70. Rh7 Kf4 71. Rh4 Ra3 72. Kf2 e3+ 0-1

[Event "Ljubljana-chT 73rd"]
[Site "Ljubljana"]
[Date "2020.01.16"]
[Round "1.1"]
[White "Krupenko, Peter"]
[Black "Hribar, Franc"]
[Result "1-0"]
[WhiteElo "1916"]
[BlackElo "1379"]
[PlyCount "63"]
[EventDate "2020.01.16"]
[EventType "team-swiss"]
[EventRounds "6"]
[EventCountry "SLO"]
[SourceTitle "EXT 2024"]
[Source "ChessBase"]
[SourceDate "2023.10.10"]
[SourceVersion "1"]
[SourceVersionDate "2023.10.10"]
[SourceQuality "1"]
[WhiteTeam "Medvode Vittori Swimmear"]
[BlackTeam "Menges Trzin III"]
[WhiteTeamCountry "SLO"]
[BlackTeamCountry "SLO"]

1. d4 d5 2. c4 Nc6 3. Nf3 h6 4. Nc3 Nf6 5. cxd5 Nxd5 6. e4 Nxc3 7. bxc3 Bg4 8. Bb5 Bd7 9. Rb1 a6 10. Bd3 b6 11. d5 Nb8 12. Be3 Bg4 13. h3 Bh5 14. e5 e6 15. g4 Bg6 16. Bxg6 fxg6 17. d6 Nd7 18. Qd3 Kf7 19. Rb4 cxd6 20. Rf4+ Kg8 21. Qxg6 Nxe5 22. Nxe5 dxe5 23. Qxe6+ Kh7 24. Qxe5 Bd6 25. Qe4+ Kg8 26. Qd5+ Kh7 27. Rd4 Bc5 28. Qf5+ Kg8 29. Rxd8+ Rxd8 30. Bxc5 bxc5 31. 0-0 c4 32. Rb1 1-0

[Event "SLO-chT Central 19th"]
[Site "Slovenia"]
[Date "2018.10.25"]
[Round "7.2"]
[White "Peric, Bernard"]
[Black "Krupenko, Peter"]
[Result "1-0"]
[WhiteElo "2093"]
[BlackElo "1764"]
[PlyCount "77"]
[EventDate "2018.09.13"]
[EventType "team-tourn"]
[EventRounds "7"]
[EventCountry "SLO"]
[SourceTitle "EXT 2021"]
[Source "ChessBase"]
[SourceDate "2020.10.23"]
[SourceVersion "1"]
[SourceVersionDate "2020.10.23"]
[SourceQuality "1"]
[WhiteTeam "Bor Dob"]
[BlackTeam "Trzin Buscotrade II"]
[WhiteTeamCountry "SLO"]
[BlackTeamCountry "SLO"]

1. d4 Nf6 2. Bg5 d5 3. Nd2 c6 4. c3 Nbd7 5. Ngf3 e6 6. e3 Be7 7. Bd3 0-0 8. Qe2 Re8 9. h4 b6 10. 0-0-0 Bb7 11. e4 dxe4 12. Nxe4 Nf8 13. g4 Rc8 14. Bxf6 Bxf6 15. g5 Be7 16. Ne5 Qc7 17. Qf3 Bd8 18. Nd6 Re7 19. Nxc8 Qxc8 20. Be4 Rc7 21. Rhg1 Ng6 22. h5 Nxe5 23. dxe5 Be7 24. g6 fxg6 25. hxg6 h6 26. Kc2 a5 27. Rh1 Qe8 28. Rdg1 Ba6 29. Rg4 c5 30. Rf4 Bg5 31. Rf7 Rxf7 32. gxf7+ Qxf7 33. Bh7+ Kf8 34. Qa8+ Qe8 35. Qxa6 g6 36. Qd3 Qf7 37. Bxg6 Qxf2+ 38. Kb1 Kg7 39. Bh5 1-0

[Event "Ljubljana-chT 71st 1st League"]
[Site "Ljubljana"]
[Date "2018.01.11"]
[Round "1.1"]
[White "Krupenko, Peter"]
[Black "Renko, Joze"]
[Result "1-0"]
[WhiteElo "1735"]
[BlackElo "1456"]
[PlyCount "123"]
[EventDate "2018.01.11"]
[EventType "team-tourn"]
[EventRounds "9"]
[EventCountry "SLO"]
[SourceTitle "EXT 2024"]
[Source "ChessBase"]
[SourceDate "2023.10.10"]
[SourceVersion "1"]
[SourceVersionDate "2023.10.10"]
[SourceQuality "1"]
[WhiteTeam "Medvode Vittori Swimmear"]
[BlackTeam "Medvode"]
[WhiteTeamCountry "SLO"]
[BlackTeamCountry "SLO"]

1. c4 Nf6 2. Nc3 d6 3. d4 h6 4. e3 a6 5. Bd3 Nc6 6. Nge2 Bd7 7. a3 Qc8 8. Qc2 Na7 9. b4 c6 10. f3 Qc7 11. Ne4 e6 12. Nf4 Nxe4 13. Bxe4 Be7 14. Bb2 Bg5 15. g3 f5 16. Bd3 Bxf4 17. exf4 0-0-0 18. 0-0 h5 19. h4 Kb8 20. c5 d5 21. a4 g5 22. hxg5 h4 23. Qe2 hxg3 24. Qe5 Rh2 25. Bc3 Rdh8 26. Rfe1 R8h4 27. Re2 Qxe5 28. fxe5 Rf4 29. Rxh2 gxh2+ 30. Kg2 Rh4 31. Rh1 Kc8 32. Rxh2 Rxh2+ 33. Kxh2 Kd8 34. Kg3 Be8 35. g6 Bxg6 36. Kh4 Ke8 37. Kg5 Kf7 38. Kh6 Nc8 39. b5 axb5 40. axb5 cxb5 41. Bxb5 Ne7 42. Bd7 Ng8+ 43. Kg5 Ne7 44. f4 Bh7 45. Kh6 Bg6 46. Ba5 Ng8+ 47. Kg5 Ke7 48. Bc8 Be8 49. Bxb7 Kf7 50. c6 Ne7 51. c7 Bd7 52. Bb4 Bc8 53. Bxc8 Nxc8 54. Kh6 Ke8 55. Kg6 Kd7 56. Kf7 Na7 57. Bc5 Nc8 58. Kf6 Kxc7 59. Kxe6 Kc6 60. Kxf5 Nb6 61. Bxb6 Kxb6 62. Ke6 1-0